| 000 | 00829cam a22002291 4500 | ||
|---|---|---|---|
| 001 | e 22000354 | ||
| 003 | DLC | ||
| 005 | 20260227111213.0 | ||
| 008 | 761118s1921 enk 000 0 eng c | ||
| 010 | _ae 22000354 | ||
| 035 | _a(OCoLC)2567177 | ||
| 040 |
_aU.S. Off. of Educ. Library _cMiDW _dOCoLC _dNcGU _dDLC |
||
| 042 | _apremarc | ||
| 050 | 0 | 0 |
_aPQ6352 _b.G7 |
| 100 | 1 |
_aGrierson, Herbert John Clifford, _cSir, _d1866-1960. |
|
| 245 | 1 | 0 |
_aDon Quixote, _bsome war-time reflections on its character and influence, _cby Herbert J. C. Grierson, L.L. D. |
| 260 |
_a[Oxford, _bThe Oxford University Press] _c1921. |
||
| 300 |
_a22 p. _c25 cm. |
||
| 490 | 1 |
_aThe English Association. Pamphlet _vno. 48 |
|
| 600 | 2 | 0 |
_aCervantes Saavedra, Miguel de, _d1547-1616. _tDon Quixote. |
| 830 | 0 |
_aPamphlet (English Association) ; _vno. 48. |
|
| 999 |
_c20523 _d20523 |
||